Quizzes
Events
Quiz Creation
Community
Videos
Private Events
Remove Ads
Sign In
Join for FREE
Feedback
Dark Mode
Quiz Categories
Sports
Geography
Music
Movies
Television
Just For Fun
Miscellaneous
History
Literature
Language
Science
Gaming
Entertainment
Religion
Holiday
For Kids
Quiz Lab
Recent
Popular Today
Quiz Kudos Today
Editor Picks
Curator Picks
Quizzes by...
Day
Popularity
Type
Ratings
Length
Year
Community
Subscriptions
Recent Discussions
Orange Saloon
Badges
Playlists
Quests
Create
Leaderboards
Showdown
Live 5
Trivia Bingo
Activity
Puzzle Library
Sporcle Events
Private Events
Virtual Trivia
Globe League
Become a Host
Pub Owners
SporcleCon
Opinionation
Our Games
Videos
Blog
Mobile Apps
Partnerships
Remove Ads and Go Orange
Feedback
Sports
Athletes
MLB
NBA
NHL
NFL
Soccer
Sports Teams
WWE
NCAA
Football
Premier League
Basketball
Baseball
Hockey
Golf
Tennis
Cricket
Rugby
Auto Racing
Olympics
World Cup
Sports
Athletes
MLB
NBA
NHL
NFL
Soccer
Sports Teams
WWE
NCAA
Football
Premier League
Basketball
Baseball
Hockey
Golf
Tennis
Cricket
Rugby
Auto Racing
Olympics
World Cup
Random Quiz
Search Sporcle
×
Quiz Lab
Quiz Lab
Sports
NHL
Type in answers that appear in a list
Type in answers that appear in a list
Classic
Best Score? Go Orange.
Players With 50 Goal Seasons Stats
Can you name the NHL Players With 50 Goal Seasons?
By
tadrick1
10m
188 Questions
142 Plays
142 Plays
142 Plays
Comments
Comments
Give Quiz Kudos
Give Quiz Kudos
-
- Ratings
hide this ad
Replay
Link that replays current quiz
Next Quiz
Link to next quiz in quiz playlist
You Got
0%
They Got
Avg Score
78%
Avg Friend Score
Upgrade to see
Score Distribution
Jump to the score distribution portion of the page
Score
0/188
Timer
10:00
0
Plays Today
Team-Year
Name
% Correct
Oilers (79-
80)
Wayne Gretzky
97.9%
Oilers (80-
81)
Wayne Gretzky
97.9%
Oilers (81-
82)
Wayne Gretzky
97.9%
Oilers (82-
83)
Wayne Gretzky
97.9%
Oilers (83-
84)
Wayne Gretzky
97.9%
Oilers (84-
85)
Wayne Gretzky
97.9%
Oilers (85-
86)
Wayne Gretzky
97.9%
Oilers (86-
87)
Wayne Gretzky
97.9%
Kings (88-
89)
Wayne Gretzky
97.9%
Penguins (86-
87)
Mario Lemieux
97.2%
Penguins (87-
88)
Mario Lemieux
97.2%
Penguins (88-
89)
Mario Lemieux
97.2%
Penguins (92-
93)
Mario Lemieux
97.2%
Penguins (95-
96)
Mario Lemieux
97.2%
Penguins (96-
97)
Mario Lemieux
97.2%
Penguins (95-
96)
Jaromir Jagr
95.8%
Penguins (00-
01)
Jaromir Jagr
95.8%
Rangers (05-
06)
Jaromir Jagr
95.8%
Black Hawks (61-
62)
Bobby Hull
95.1%
Black Hawks (65-
66)
Bobby Hull
95.1%
Black Hawks (66-
67)
Bobby Hull
95.1%
Black Hawks (68-
69)
Bobby Hull
95.1%
Black Hawks (71-
72)
Bobby Hull
95.1%
Blues (89-
90)
Brett Hull
95.1%
Blues (90-
91)
Brett Hull
95.1%
Blues (91-
92)
Brett Hull
95.1%
Blues (92-
93)
Brett Hull
95.1%
Blues (93-
94)
Brett Hull
95.1%
Jets (92-
93)
Teemu Selanne
94.4%
Mighty Ducks (96-
97)
Teemu Selanne
94.4%
Mighty Ducks (97-
98)
Teemu Selanne
94.4%
Flames (01-
02)
Jarome Iginla
93.7%
Flames (07-
08)
Jarome Iginla
93.7%
Capitals (05-
06)
Alexander Ovechkin
93%
Capitals (07-
08)
Alexander Ovechkin
93%
Capitals (08-
09)
Alexander Ovechkin
93%
Capitals (09-
10)
Alexander Ovechkin
93%
Canadiens (44-
45)
Maurice Richard
92.3%
Bruins (70-
71)
Phil Esposito
92.3%
Bruins (71-
72)
Phil Esposito
92.3%
Bruins (72-
73)
Phil Esposito
92.3%
Bruins (73-
74)
Phil Esposito
92.3%
Bruins (74-
75)
Phil Esposito
92.3%
Red Wings (87-
88)
Steve Yzerman
92.3%
Red Wings (88-
89)
Steve Yzerman
92.3%
Red Wings (89-
90)
Steve Yzerman
92.3%
Red Wings (90-
91)
Steve Yzerman
92.3%
Red Wings (92-
93)
Steve Yzerman
92.3%
Penguins (09-
10)
Sidney Crosby
92.3%
Islanders (77-
78)
Mike Bossy
91.5%
Islanders (78-
79)
Mike Bossy
91.5%
Islanders (79-
80)
Mike Bossy
91.5%
Islanders (80-
81)
Mike Bossy
91.5%
Nordiques (80-
81)
Jacques Richard
91.5%
Islanders (81-
82)
Mike Bossy
91.5%
Islanders (82-
83)
Mike Bossy
91.5%
Islanders (83-
84)
Mike Bossy
91.5%
Islanders (84-
85)
Mike Bossy
91.5%
Islanders (85-
86)
Mike Bossy
91.5%
Avalanche (95-
96)
Joe Sakic
91.5%
Avalanche (00-
01)
Joe Sakic
91.5%
Oilers (81-
82)
Mark Messier
90.8%
Blackhawks (91-
92)
Jeremy Roenick
90.1%
Team-Year
Name
% Correct
Blackhawks (92-
93)
Jeremy Roenick
90.1%
Oilers (83-
84)
Jari Kurri
89.4%
Oilers (84-
85)
Jari Kurri
89.4%
Oilers (85-
86)
Jari Kurri
89.4%
Oilers (86-
87)
Jari Kurri
89.4%
Mighty Ducks (95-
96)
Paul Kariya
88.7%
Thrashers (05-
06)
Ilya Kovalchuk
88.7%
Senators (05-
06)
Dany Heatley
88.7%
Senators (06-
07)
Dany Heatley
88.7%
Thrashers (07-
08)
Ilya Kovalchuk
88.7%
Kings (87-
88)
Luc Robitaille
88%
Kings (89-
90)
Luc Robitaille
88%
Kings (92-
93)
Luc Robitaille
88%
Canucks (92-
93)
Pavel Bure
88%
Canucks (93-
94)
Pavel Bure
88%
Canucks (97-
98)
Pavel Bure
88%
Panthers (99-
00)
Pavel Bure
88%
Panthers (00-
01)
Pavel Bure
88%
Lightning (06-
07)
Vincent Lecavalier
87.3%
Lightning (09-
10)
Steven Stamkos
87.3%
Canadiens (74-
75)
Guy Lafleur
86.6%
Canadiens (75-
76)
Guy Lafleur
86.6%
Canadiens (76-
77)
Guy Lafleur
86.6%
Canadiens (77-
78)
Guy Lafleur
86.6%
Canadiens (78-
79)
Guy Lafleur
86.6%
Canadiens (79-
80)
Guy Lafleur
86.6%
Kings (76-
77)
Marcel Dionne
85.2%
Kings (78-
79)
Marcel Dionne
85.2%
Kings (79-
80)
Marcel Dionne
85.2%
Kings (80-
81)
Marcel Dionne
85.2%
Kings (81-
82)
Marcel Dionne
85.2%
Kings (82-
83)
Marcel Dionne
85.2%
Sharks (05-
06)
Jonathan Cheechoo
85.2%
Islanders (81-
82)
Bryan Trottier
84.5%
Stars (93-
94)
Mike Modano
84.5%
Capitals (95-
96)
Peter Bondra
83.1%
Capitals (97-
98)
Peter Bondra
83.1%
Islanders (89-
90)
Pat Lafontaine
81.7%
Sabres (92-
93)
Pat Lafontaine
81.7%
Flyers (95-
96)
John LeClair
81%
Flyers (96-
97)
John LeClair
81%
Flyers (97-
98)
John LeClair
81%
Sabres (92-
93)
Alexander Mogilny
80.3%
Red Wings (93-
94)
Sergei Fedorov
80.3%
Canucks (95-
96)
Alexander Mogilny
80.3%
Avalanche (02-
03)
Milan Hejduk
79.6%
Flames (90-
91)
Theoren Fleury
78.9%
Bruins (89-
90)
Cam Neely
78.2%
Bruins (90-
91)
Cam Neely
78.2%
Bruins (93-
94)
Cam Neely
78.2%
Jets (95-
96)
Keith Tkachuk
78.2%
Coyotes (96-
97)
Keith Tkachuk
78.2%
Flyers (92-
93)
Mark Recchi
77.5%
Oilers (83-
84)
Glenn Anderson
76.8%
Oilers (85-
86)
Glenn Anderson
76.8%
Penguins (91-
92)
Kevin Stevens
76.8%
Penguins (92-
93)
Kevin Stevens
76.8%
Islanders (92-
93)
Pierre Turgeon
75.4%
Nordiques (82-
83)
Michel Goulet
73.9%
Nordiques (83-
84)
Michel Goulet
73.9%
Nordiques (84-
85)
Michel Goulet
73.9%
Nordiques (85-
86)
Michel Goulet
73.9%
Sabres/
Maple Leafs (92-
93)
Dave Andreychuk
73.9%
Team-Year
Name
% Correct
Blues (92-
93)
Brendan Shanahan
73.9%
Maple Leafs (93-
94)
Dave Andreychuk
73.9%
Blues (93-
94)
Brendan Shanahan
73.9%
Rangers (93-
94)
Adam Graves
73.2%
Kings (88-
89)
Bernie Nicholls
71.8%
Jets (84-
85)
Dale Hawerchuk
71.1%
Capitals (84-
85)
Mike Gartner
71.1%
Bruins (70-
71)
John Bucyk
69.7%
Flames (82-
83)
Lanny McDonald
69.7%
North Stars (81-
82)
Dino Ciccarelli
69%
North Stars (86-
87)
Dino Ciccarelli
69%
Flames (87-
88)
Joe Nieuwendyk
66.2%
Flames (88-
89)
Joe Nieuwendyk
66.2%
Flyers (75-
76)
Bill Barber
64.8%
Canadiens (76-
77)
Steve Shutt
63.4%
Flames (91-
92)
Gary Roberts
63.4%
Flyers (83-
84)
Tim Kerr
62.7%
Flyers (84-
85)
Tim Kerr
62.7%
Flyers (85-
86)
Tim Kerr
62.7%
Flyers (86-
87)
Tim Kerr
62.7%
Canadiens (60-
61)
Bernie Geoffrion
62%
Flyers (75-
76)
Reggie Leach
61.3%
Flyers (79-
80)
Reggie Leach
61.3%
Flames (88-
89)
Joe Mullen
60.6%
Sabres (73-
74)
Rick Martin
57.7%
Sabres (74-
75)
Rick Martin
57.7%
Capitals (80-
81)
Dennis Maruk
57.7%
Capitals (81-
82)
Dennis Maruk
57.7%
Maple Leafs (81-
82)
Rick Vaive
57.7%
Maple Leafs (82-
83)
Rick Vaive
57.7%
Maple Leafs (83-
84)
Rick Vaive
57.7%
North Stars (89-
90)
Brian Bellows
57%
Kings (87-
88)
Jimmy Carson
55.6%
Red Wings (93-
94)
Ray Sheppard
54.2%
Canadiens (87-
88)
Stephane Richer
52.8%
Flames (87-
88)
Hakan Loob
52.8%
Canadiens (89-
90)
Stephane Richer
52.8%
Sabres (75-
76)
Danny Gare
52.1%
Kings (79-
80)
Charlie Simmer
52.1%
Sabres (79-
80)
Danny Gare
52.1%
Kings (80-
81)
Charlie Simmer
52.1%
Penguins/
Oilers (87-
88)
Craig Simpson
52.1%
Whalers (79-
80)
Blaine Stoughton
50%
Penguins (80-
81)
Rick Kehoe
50%
Whalers (81-
82)
Blaine Stoughton
50%
Bruins (81-
82)
Rick Middleton
50%
Red Wings (84-
85)
John Ogrodnick
48.6%
Flyers (72-
73)
Rick MacLeish
47.9%
Bruins (73-
74)
Ken Hodge
47.2%
Maple Leafs (89-
90)
Gary Leeman
47.2%
Rangers (71-
72)
Vic Hadfield
46.5%
Penguins (75-
76)
Jean Pronovost
46.5%
Penguins (83-
84)
Mike Bullard
43.7%
Black Hawks (82-
83)
Al Secord
43%
Penguins (75-
76)
Pierre Larouche
42.3%
Canadiens (79-
80)
Pierre Larouche
42.3%
Red Wings (72-
73)
Mickey Redmond
41.5%
Red Wings (73-
74)
Mickey Redmond
41.5%
Capitals (84-
85)
Bobby Carpenter
40.8%
Flames (78-
79)
Guy Chouinard
38%
Blues (80-
81)
Wayne Babych
37.3%
Red Wings (74-
75)
Danny Grant
36.6%
Quiz Playlist
Details
Report
Send in Message
Add To Playlist
Classic:
Type in answers that appear in a list
Last Updated: Feb 16, 2017
Quiz Scoreboard
CHALLENGE
Sign Up to Join the Scoreboard
Show All
Scores
Hide
Comments
May contain spoilers
Recently Published
Billboard Blitz: Fleetwood Mac
by CooCooCachoo
Music
15s
Presidents Visiting Landmarks
by Hejman
History
7m
An Introduction to Baseball
by treessimontrees
Sports
5m
More to Explore
Quiz From the Vault
Featured Blog Post
Where Did the Easter Bunny Come From?
hide this ad
You Might Also Like...
Tags
NHL Quiz
goal
Goal Seasons
Player
season
Today's Top Quizzes in Sports
Browse Sports
hide this ad
Today's Top Quizzes in NHL
Browse NHL
Top Contributed Quizzes in Sports
1
Les meilleurs buteurs des matchs entre le PSG et l’OM
2
2022 World Cup Stars
3
FIFA Club World Cup Champions
4
Les entraîneurs de l'OM et du PSG au 21e siècle
5
Name the Premier League winners with different clubs
6
5-to-1: UK Sports Teams
7
La finale Lions - Afrique du Sud 2021
8
Criteria MLB: Left Handed Sluggers
9
AFC Teams Reveal (Wrong Answers Minefield)
10
England Test cricketers to play under Nasser Hussain
Explore More
Trending Topics
Marvel
Disney
NBA
Crossword
Kpop
Anime
Harry Potter
Song
WWE
Soccer
Pokémon
Puzzle
NFL
Country
The Office
hide this ad
More By:
tadrick1
Quiz
Plays
Rating
Category
Featured
Created
Top 100 NFL Rushers Of All Time
6,427
4.46
Sports
Jan 17, 2011
Early 80's American Hardcore Bands
1,079
4.83
Music
Feb 1, 2011
NHL Teams 2nd Leading All-Time Scorers
936
3.89
Sports
Jan 17, 2011
NFL Hall Of Fame Linebackers
646
4.00
Sports
Jan 25, 2011
MLB Active 200 Hrs
413
4.00
Sports
Mar 28, 2011
Go to Creator's Profile
Score Distribution
Quiz Creator Spotlight
tadrick1
Follow
Send a Message
Quizzes Created
-
Created Quiz Play Count
-
More By This Creator
Popular Quizzes Today
1
Find the US States - No Outlines Minefield
2
Find the Countries of Europe - No Outlines Minefield
3
The Countries of the World
4
Find the US States
5
Popular People in 1961
6
US States
7
Risky Map Clicking: Biggest States A-Z
8
Movies - When Are They Set?
More Sports Quizzes
Quick Pick : Christian Laettner Teams by Logo
Quiz Lab
Trending Quizzes
Risky Map Clicking: Least Populous States A-Z
1-10 Letter G Words
1-10 Letter F Words
Risky Map Clicking: Next State Alphabetically
Risky Map Clicking: Biggest States A-Z
Recently Updated
Leaping Animals
pecheneg
Reality TV Shows (A-Z)
bhenderson79
Rickey Henderson's Hall of Fame Teammates
pecheneg
Champions League XIs: Arsenal
pecheneg
Quick Pick: Celebrities in WWE's Hall of Fame
aduchscher
A-Z Keypad Blitz II
pecheneg
Multiple Oscar Actors
pecheneg
Mystery Phrase Blitz: Oscar 'Best Actors'
pecheneg
F. Scott Fitzgerald Novels
LTH
Pick 3 Villains
ddd62291
Trending Topics
Crossword
NBA
Kpop
Disney
Marvel
Harry Potter
Anime
NFL
Song
Puzzle
WWE
Soccer
Pokémon
The Office
Country
Your Account Isn't Verified!
In order to create a playlist on Sporcle, you need to verify the email address you used during registration. Go to your
Sporcle Settings
to finish the process.
Report this User
Report this user for behavior that violates our
Community Guidelines
.
Details:
Send Report
Go to the Sporcle.com Mobile Site →
Comments